| 000 | 00000nam 2200000za 4500 |
| 001 | 9.822203 |
| 003 | CaOODSP |
| 005 | 20221107143633 |
| 007 | cr ||||||||||| |
| 008 | 160808s1976 oncak #o f000 0 fre d |
| 040 | |aCaOODSP|bfre |
| 043 | |an-cn--- |
| 086 | 1 |aCS71-601-2/1976F-PDF |
| 100 | 1 |aMacredie, Ian. |
| 245 | 12|aL'enquête sur la population active du Canada |h[ressource électronique] / |cIan Macredie et Bruce Petrie. |
| 260 | |a[Ottawa] : |bStatistique Canada, Division de l'enquête sur la population active, |c1976. |
| 300 | |a40 p. : |bill., formes. |
| 500 | |aPubli. aussi en anglais sous le titre : The Canadian Labour Force Survey. |
| 500 | |a« Document présenté à la 10e réunion annuelle de l'Association canadienne d'économique, Université Laval, Québec, 1er juin 1976. » |
| 500 | |aÉdition numérisée de l’imprimé [par Statistique Canada]. |
| 504 | |aComprend des références bibliographiques. |
| 520 | |aL'enquête sur la population active (EPA) constitue la source de renseignements sur l'emploi et le chômage la plus utilisée au Canada. Ce document vise à résumer les renseignements de base essentiels à la compréhension des données de l'EPA et à fournir à ceux qui en auraient besoin des références plus détaillées. |
| 692 | 07|2gccst|aMain-d'oeuvre |
| 692 | 07|2gccst|aSondage |
| 700 | 1 |aPetrie, Bruce. |
| 710 | 1 |aCanada. |bStatistique Canada. |bDivision de l'enquête sur la population active. |
| 775 | 08|tThe Canadian Labour Force Survey |w(CaOODSP)9.822194 |
| 856 | 40|qPDF|s5.35 MB|uhttps://publications.gc.ca/collections/collection_2016/statcan/CS71-601-2-1976-fra.pdf |